Micro credit and rural development / (Record no. 348191)

000 -LEADER
fixed length control field 00525 a2200157 4500
020 ## - INTERNATIONAL STANDARD BOOK NUMBER
International Standard Book Number 8184501595 (hardcover)
020 ## - INTERNATIONAL STANDARD BOOK NUMBER
International Standard Book Number 9788184501599 (hardcover)
090 ## - LOCALLY ASSIGNED LC-TYPE CALL NUMBER (OCLC); LOCAL CALL NUMBER (RLIN)
-- 5791
-- 5791
100 1# - MAIN ENTRY--PERSONAL NAME
Personal name Anil, Kumar.
245 10 - TITLE STATEMENT
Title Micro credit and rural development /
Statement of responsibility, etc. Kumar Anil, Sharma Praveen.
260 ## - PUBLICATION, DISTRIBUTION, ETC.
Place of publication, distribution, etc. [S.l.] :
Name of publisher, distributor, etc. Deep & Deep Publications,
Date of publication, distribution, etc. 2009.
300 ## - PHYSICAL DESCRIPTION
Extent 560 p.
700 1# - ADDED ENTRY--PERSONAL NAME
Personal name Praveen, Sharma.
856 40 - ELECTRONIC LOCATION AND ACCESS
Materials specified Amazon.com
Uniform Resource Identifier <a href="http://www.amazon.com/exec/obidos/ASIN/8184501595/chopaconline-20">http://www.amazon.com/exec/obidos/ASIN/8184501595/chopaconline-20</a>
942 ## - ADDED ENTRY ELEMENTS (KOHA)
Institution code [OBSOLETE] NBS
Koha item type Book
Call number prefix 332.710954 THA
Holdings
Withdrawn status Lost status Damaged status Not for loan Permanent Location Current Location Date acquired Total Checkouts Full call number Barcode Date last seen Date last checked out Price effective from Koha item type
        Central Library (CL) Central Library (CL) 08/28/2013 1 332.710954 THA NBS8531 11/22/2017 08/04/2017 08/28/2013 Book
© 2023 Central Library, National University of Sciences and Technology. All Rights Reserved.